Chodyt' chmarka z rešetom

Bibliographic Details
Main Author: Pylyp'juk-Dyrkavec', Lesja, 1949- (Author)
Format: Article
Language:Ukrainian
Subjects:

MARC

LEADER 00000nab a2200000 4500
001 vtls012275673
003 SK-MaSNL
005 20260304083052.0
008 250424c2025 xo zr|p || ||00 c0ukr
015 |a SNBRB2025/04 
038 |a SVKPOCL 
040 |a SVKPOCL  |b slo  |c SVKPOCL  |e rda 
041 0 |a ukr 
044 |a xo  |c SK 
072 7 |a 821.161  |x Východoslovanské literatúry  |2 konspekt 
080 |a 821.161.2-1-053.2  |2 2011 
080 |a 821.161.2-1  |2 2011 
080 |a (477)  |2 2011 
100 1 |a Pylyp'juk-Dyrkavec', Lesja,  |d 1949-  |4 aut  |9 1264400 
245 1 0 |a Chodyt' chmarka z rešetom  |c Lesja Pylyp'juk 
300 |b Fotografie 
336 |a text  |b txt  |2 rdacontent 
337 |a bez média  |b n  |2 rdamedia 
338 |a zväzok  |b nc  |2 rdacarrier 
500 |a Pylyp'juk, Oleksandra Jakivna pozri Pylyp'juk-Dyrkavec', Lesja 
650 0 7 |a ukrajinská poézia  |2 SNKPH  |9 59029 
650 0 7 |a poézia pre deti  |2 SNKPH  |9 31212 
650 0 7 |a ukrajinské básne  |2 svkpocl  |9 857154 
650 0 7 |a literatúra pre deti  |2 SNKPH  |9 55721 
773 0 |t Veselka  |g Roč. 73, č. 3 (2025), s. 12 
852 |a SVKPO  |b KIS3GCP 
958 |a SS 
958 |a UA 
958 |a LX 
958 |a DB 
958 |a NM 
999 |c 2799430  |d 2801360